Elaboración de tesis e informes técnico profesionales

Guardat en:
Dades bibliogràfiques
Autors principals: Caiceo Escudero, Jaime (Autor), Mardones Ramírez, Luis (Autor)
Format: Llibre
Idioma:espanyol
Publicat: Santiago Jurídica ConoSur 1998
Matèries:
Etiquetes: Afegir etiqueta
Sense etiquetes, Sigues el primer a etiquetar aquest registre!

MARC

LEADER 00000nam a2200000 a 4500
001 UCQ0033
003 CL-VaPUC
008 980619e19980000CL |||||||||||||||||spa|d
082 0 4 |a 001.42  |b CAI  |2 21 
100 0 |a Caiceo Escudero, Jaime  |e author  |9 413029 
700 0 |a Mardones Ramírez, Luis  |e author  |9 413030 
245 1 0 |a Elaboración de tesis e informes técnico profesionales 
300 |a 258 p 
942 |c BK 
945 |d 19980619 00:00:00  |a aalvarez 
260 |a Santiago  |b Jurídica ConoSur  |c 1998 
650 7 |a TESIS  |2 CL-VaPUC  |9 257341 
650 0 |a Redacción técnica  |9 259855 
650 0 |a Informes técnicos  |9 259856 
650 0 |a Investigación científica  |9 259857 
650 0 |a Método científico   |9 337193 
650 0 |a Investigación  |9 257811 
650 0 |a Métodos de investigación   |9 262618 
583 |a last modification  |c 19980619 00:00:00  |k Rodrigo Vera 
999 |c 271199  |d 271197 
952 |0 0  |1 0  |4 0  |6 001_420000000000000_CAI_1998  |7 0  |8 A  |9 305762  |a BIBGIM  |b BIBGIM  |d 2019-11-20  |i 3437647  |o 001.42 CAI 1998  |p 3437647  |r 2025-01-15  |w 2019-11-20  |y BK  |k COM 
952 |0 0  |1 0  |4 0  |6 001_420000000000000_CAI_1998  |7 0  |8 A  |9 305763  |a BIBGIM  |b BIBGIM  |d 2019-11-20  |i 3437655  |o 001.42 CAI 1998  |p 3437655  |r 2025-01-15  |w 2019-11-20  |y BK  |k COM 
952 |0 0  |1 0  |2 ddc  |4 0  |6 001_420000000000000_CAI_1998  |7 0  |8 A  |9 305764  |a BIBCUR  |b BIBCUR  |c GEN  |d 2019-11-20  |i 3439100  |o 001.42 CAI 1998  |p 3439100  |r 2025-04-22  |w 2019-11-20  |y BK  |k CIM 
952 |0 0  |1 0  |4 0  |6 001_420000000000000_CAI_1998  |7 0  |8 A  |9 305765  |a BIBGIM  |b BIBGIM  |d 2019-11-20  |i 3750639  |o 001.42 CAI 1998  |p 3750639  |r 2025-01-15  |w 2019-11-20  |y BK  |k COM 
952 |0 0  |1 0  |4 0  |6 001_420000000000000_CAI_1998  |7 0  |8 A  |9 305766  |a BIBGIM  |b BIBGIM  |d 2019-11-20  |i 3750647  |o 001.42 CAI 1998  |p 3750647  |r 2025-01-15  |w 2019-11-20  |y BK  |k COM 
952 |0 0  |1 0  |4 0  |6 001_420000000000000_CAI_1998  |7 0  |8 A  |9 305767  |a BIBING  |b BIBING  |d 2019-11-20  |i 3446263  |o 001.42 CAI 1998  |p 3446263  |r 2025-01-20  |w 2019-11-20  |y BK  |k GEO